| 000 | 00641nam a2200253 a 4500 | ||
|---|---|---|---|
| 001 | nice12345678 | ||
| 003 | IN_TiNIC | ||
| 005 | 20260116012309.0 | ||
| 008 | 050524s1986 jaia grp 000 0 eng | ||
| 020 |
_a8170332 _c150 |
||
| 082 | 0 | 0 |
_a305.6297054 _bJAI |
| 100 | _aJain, Sushila | ||
| 245 | _aMuslims and Modernization | ||
| 260 |
_aJaipur _bRawat Publications _c1986 |
||
| 300 | _a248p | ||
| 500 | _aincludes index and biblioraphy | ||
| 505 | 2 | _aNotes and Refernces | |
| 650 | _aMuslims-India | ||
| 650 | _aIslam-India-20th Century | ||
| 700 | 1 | _aJain, Sushila | |
| 902 | _bSRS | ||
| 942 | _cBK | ||
| 999 |
_c6438 _d6438 |
||